000
00263nam a2200109Ia 4500
008
200302s9999 xx 000 0 und d
100
_a
Sam Lubell
245
_a
Paris 2000 + New Architecture
260
_b
The Monacelli Press Inc.
260
_c
2007
300
_a
216 P
999
_c
4796
_d
4796